01423nam a2200361Ic 450000100060000000300100000600500170001600700030003300800410003602000180007704000350009504100130013008200200014310000310016324501260019425000220032026400420034230000350038433600270041933700330044633800280047949000310050750400380053852100410057653400620061754500550067965000520073465000630078665000520084965000630090165000650096470000320102958570CO-BoRNBP20250826220057.0ta210818r20152017ck b er 000 0dspa d a9789584258946 aCO-BoRNBPbspaerdacCO-BoRNBP1 aspaheng04a306.2bK31c222 aKhanna, Parag,d1977-eaut10aConectografía :bmapear el futuro de la civilización mundial /cParag Khanna ; traducción de Pablo Hermida Lazkano. aPrimera edición 1aBogotá, Colombia :bPaidós,c2017 a472 páginas :bmapas a color atextobtxt2rdacontent asin mediaciónbn2rdamedia avolumenbnc2rdacarrier0 aPaidós Estado y sociedad aBibliografía: páginas 443-472 aRecomendado para un público adulto tConnectography: Mapping the Future of Global Civilization aIncluye datos biográficos del autor en la solapa07aCambio socialxInvestigacionesySiglo XXI2lemb07aEconomía internacionalxInvestigacionesySiglo XXI2lemb07aGeopolíticaxInvestigacionesySiglo XXI2lemb07aPolítica internacionalxInvestigacionesySiglo XXI2lemb07aRelaciones internacionalesxInvestigacionesySiglo XXI2LEMB aHermida Lazcano, Pabloetrl